000 00562nam a2200157 a 4500
008 120416s1967 ||||||||||||||||| || u
050 _aQD 262 Kem
100 _aKemp, William
245 1 0 _aPractical organic chemistry
260 _aLondon
_bMcGraw-Hill
_c1967
300 _aix,142p.:ill.
350 _a0.00
650 0 _aCHEMISTRY--ORGANIC
650 0 _aCHEMISTRY--HANDBOOKS, MANUALS, ETC
995 _D0.00
_FCBU-MAIN LIBRARY (Kitwe)
_H1
_I0.00
_M1
_UAVAILABLE
_WMay 28, 2007
_ZMain Library Open Access Collection
999 _c54276
_d54276